Proceedings of the ... semi-annual Eastern Photoelasticity Conference.

Bibliographic Details
New Title:Society for Experimental Stress Analysis. Experimental stress analysis
Corporate Author: Eastern Photoelasticity Conference
Format: Serial
Language:English
Published: [Place of publication not identified] : The Conference.
Subjects:

MARC

Tag First Indicator Second Indicator Subfields
LEADER 00000cas a2200000 a 4500
001 in00000031839
005 20151007063132.0
008 750824d19391942vp fr 1 0eng d
010 |a sn 97038249  
019 |a 29652615 
035 |a (OCoLC)ocm01567292 
035 |a (OCoLC)01567292 
035 |9 AAD6649AM 
040 |a MUL  |c MUL  |d YUS  |d HUL  |d NSD  |d HUL  |d MYG  |d OCLCQ  |d UtOrBLW 
042 |a lcd 
049 |a TXAM 
050 1 4 |a TA418.12  |b .E27 
110 2 |a Eastern Photoelasticity Conference. 
245 1 0 |a Proceedings of the ... semi-annual Eastern Photoelasticity Conference. 
264 1 |a [Place of publication not identified] :  |b The Conference. 
300 |a volumes :  |b illustrations ;  |c 28 cm. 
310 |a Semiannual 
336 |a text  |b txt  |2 rdacontent 
337 |a unmediated  |b n  |2 rdamedia 
338 |a volume  |b nc  |2 rdacarrier 
362 1 |a Began with 9th, issued 1939. 
362 0 |a -16th (Nov. 13 and 14, 1942). 
500 |a Imprint varies. 
500 |a Description based on: 10th (Dec. 9, 1939). 
515 |a Not issued for Conferences no. 1-8, 12. 
650 0 |a Photoelasticity  |v Congresses. 
650 0 |a Strains and stresses  |v Congresses. 
785 0 0 |a Society for Experimental Stress Analysis.  |t Experimental stress analysis  |x 0891-1991  |w (DLC) 44001750  |w (OCoLC)7234525 
850 |a MCM 
994 |a C0  |b TXA 
999 |a MARS 
999 f f |s d473142e-e7c5-3b54-bee3-33f2f51ccc93  |i c4cb39fb-eec9-3c85-af0a-3477685a4fd9  |t 0 
952 f f |p ric  |a Texas A&M University  |b Rellis Campus  |c Joint Library Facility  |d Remote Storage  |t 0  |e TA418.12 .E27  |h Library of Congress classification  |i unmediated -- volume  |k 13th,15th-16th  |l 1941-1942  |m A14833502127 
998 f f |a TA418.12 .E27  |s 15th-16th (1942:June 20-Nov.13/14)  |t 0  |l Remote Storage